00333nam a2200121Ia 4500008004100000041000800041082001200049100002100061245004300082260004400125300003300169365000900202240624s9999 xx 000 0 und d aeng a613 CLO aCLONINGER ROBERT aFEELING GOOD THE SCIENCE OF WELL BEING c2007aNew YorkbOxford University press axxiii, : 374 : p. : cm. ; 25 cb30